[Event "POL-chT Academic"]
[Site "Chorzow"]
[Date "2022.04.03"]
[Round "8.10"]
[White "Lukasiewicz, Aleksander"]
[Black "Kaminski, Maciej1111"]
[Result "1-0"]
[WhiteElo "1852"]
[BlackElo "1861"]
[PlyCount "109"]
[EventDate "2022.04.02"]
[EventType "team-swiss (rapid)"]
[EventRounds "9"]
[EventCountry "POL"]
[SourceTitle "EXT 2024"]
[Source "ChessBase"]
[SourceDate "2023.10.10"]
[SourceVersion "1"]
[SourceVersionDate "2023.10.10"]
[SourceQuality "1"]

1. e4 e5 2. Nf3 Nc6 3. d4 exd4 4. c3 d5 5. exd5 Qxd5 6. cxd4 Bg4 7. Be2 0-0-0 8. Nc3 Qh5 9. Be3 Nf6 10. Qa4 Nd5 11. Nxd5 Qxd5 12. 0-0 Bd6 13. h3 Bh5 14. a3 Rhe8 15. b4 Bf4 16. b5 Bxe3 17. bxc6 Bxd4 18. Nxd4 Bxe2 19. Qxa7 bxc6 20. Nxe2 Rd6 21. Nc3 Qc4 22. Na4 Re5 23. Rac1 Qb5 24. Nc5 Rdd5 25. Qa8+ Qb8 26. Qa6+ Kd8 27. Qxc6 Qb6 28. Nb7+ Ke7 29. Qxc7+ Qxc7 30. Rxc7+ Rd7 31. Rxd7+ Kxd7 32. Rc1 Rb5 33. Nc5+ Kd6 34. Ne4+ Kd7 35. Rc3 f5 36. Nd2 Kd6 37. a4 Rb4 38. Ra3 Kc5 39. a5 Rb7 40. a6 Ra7 41. Kf1 Kb4 42. Ra1 Kc3 43. Ke2 Re7+ 44. Kf3 Ra7 45. Nf1 Kb2 46. Ra5 g6 47. Ne3 Kb3 48. Nd5 Kc4 49. Kf4 h6 50. Ke5 h5 51. Kd6 h4 52. Kc6 g5 53. Kb6 Ra8 54. a7 g4 55. Kb7 1-0

[Event "POL-chT Academic"]
[Site "Chorzow"]
[Date "2022.04.02"]
[Round "5.16"]
[White "Nowak, Kamil"]
[Black "Lukasiewicz, Aleksander"]
[Result "1/2-1/2"]
[WhiteElo "1874"]
[BlackElo "1852"]
[PlyCount "70"]
[EventDate "2022.04.02"]
[EventType "team-swiss (rapid)"]
[EventRounds "9"]
[EventCountry "POL"]
[SourceTitle "EXT 2024"]
[Source "ChessBase"]
[SourceDate "2023.10.10"]
[SourceVersion "1"]
[SourceVersionDate "2023.10.10"]
[SourceQuality "1"]

1. d4 d5 2. c4 e6 3. Nc3 Be7 4. Nf3 Nf6 5. cxd5 exd5 6. Bg5 c6 7. Qc2 g6 8. e3 Bf5 9. Bd3 Bxd3 10. Qxd3 Nbd7 11. 0-0 0-0 12. Rab1 Re8 13. b4 a6 14. a4 Nf8 15. Rfc1 Ne6 16. Bh4 Ng7 17. b5 axb5 18. axb5 Ra3 19. bxc6 bxc6 20. Qc2 Nf5 21. Bxf6 Bxf6 22. Ne2 Ne7 23. Qc5 Qa8 24. Nf4 Kg7 25. h3 Qa6 26. Qd6 Ra2 27. Ne5 Nf5 28. Qxc6 Bxe5 29. Qxe8 Bxf4 30. exf4 Re2 31. Qb5 Qa2 32. Rf1 Ng3 33. Qb3 Qxb3 34. Rxb3 Nxf1 35. Kxf1 Re4 1/2-1/2

[Event "POL-chT Academic"]
[Site "Chorzow"]
[Date "2021.05.16"]
[Round "9.5"]
[White "Lukasiewicz, Aleksander"]
[Black "Powalka, Michal"]
[Result "0-1"]
[WhiteElo "1936"]
[BlackElo "1970"]
[PlyCount "82"]
[EventDate "2021.05.15"]
[EventType "team-swiss (rapid)"]
[EventRounds "9"]
[EventCountry "POL"]
[SourceTitle "CBM 202 Extra"]
[Source "ChessBase"]
[SourceDate "2021.07.31"]
[SourceVersion "1"]
[SourceVersionDate "2021.07.31"]
[SourceQuality "1"]
[WhiteTeam "Wroclaw University"]
[BlackTeam "Warsaw Kozminski Academy"]
[WhiteTeamCountry "POL"]
[BlackTeamCountry "POL"]

1. e4 e5 2. Nf3 Nc6 3. d4 exd4 4. c3 d5 5. exd5 Qxd5 6. cxd4 Bg4 7. Be2 0-0-0 8. Nc3 Qd7 9. 0-0 Bxf3 10. Bxf3 Nxd4 11. Bg4 f5 12. Bh3 g6 13. Be3 Bg7 14. g3 Nf6 15. Bg2 Ng4 16. Bxd4 Bxd4 17. Qf3 c6 18. Rad1 Qc7 19. Rc1 Bb6 20. Nb5 Qd7 21. Rfd1 Qe6 22. Re1 Qf6 23. Re2 Kb8 24. Qf4+ Ka8 25. Nc7+ Bxc7 26. Qxc7 Rc8 27. Qf4 h5 28. h4 Rhd8 29. Qb4 Rd4 30. Qb3 f4 31. Re6 Qf8 32. Rexc6 Rb8 33. Rc7 Rb4 34. Qd5 fxg3 35. fxg3 Qf2+ 36. Kh1 Qxg3 37. Kg1 Qh2+ 38. Kf1 Ne3+ 39. Ke1 Nxd5 40. Bxd5 Re8+ 41. Kf1 Rf4+ 0-1

[Event "POL-chT Academic"]
[Site "Katowice"]
[Date "2020.11.14"]
[Round "4.4"]
[White "Lukasiewicz, Aleksander"]
[Black "Klepek, Witold"]
[Result "0-1"]
[WhiteElo "1936"]
[BlackElo "2170"]
[PlyCount "82"]
[EventDate "2020.11.14"]
[EventType "team-swiss (rapid)"]
[EventRounds "9"]
[EventCountry "POL"]
[SourceTitle "CBM 199 Extra"]
[Source "ChessBase"]
[SourceDate "2021.01.31"]
[SourceVersion "1"]
[SourceVersionDate "2021.01.31"]
[SourceQuality "1"]
[WhiteTeam "Wroclaw University"]
[BlackTeam "Krakow Gorniczo Hutnicza Akad"]
[WhiteTeamCountry "POL"]
[BlackTeamCountry "POL"]

1. e4 e6 2. d4 d5 3. exd5 exd5 4. Bd3 c5 5. dxc5 Bxc5 6. Nf3 Nf6 7. 0-0 0-0 8. Bg5 h6 9. Bh4 Nc6 10. Nbd2 Bg4 11. c3 Re8 12. Qb3 Bb6 13. Rae1 Be6 14. Bb1 g5 15. Bg3 Ne4 16. Qc2 f5 17. c4 Rc8 18. cxd5 Bxd5 19. Nxe4 Bxe4 20. Qb3+ Kg7 21. Bxe4 fxe4 22. Rd1 Qf6 23. Nd2 Nd4 24. Qa4 h5 25. Nc4 Bc5 26. Qd7+ Kh6 27. Be5 Ne2+ 28. Kh1 Qe7 29. Qd2 b5 30. Bd6 Qe6 31. Bxc5 Rxc5 32. Nd6 Rd8 33. Nf7+ Qxf7 34. Qxd8 Rc6 35. Rd6+ Rxd6 36. Qxd6+ Kh7 37. Qe5 Qg6 38. Re1 Nf4 39. Qxe4 Qxe4 40. Rxe4 Nd3 41. b3 Nxf2+ 0-1

[Event "POL-ch Academic"]
[Site "Katowice"]
[Date "2020.11.13"]
[Round "5"]
[White "Adamczewski, Maciej"]
[Black "Lukasiewicz, Aleksander"]
[Result "1/2-1/2"]
[WhiteElo "2053"]
[BlackElo "1936"]
[PlyCount "44"]
[EventDate "2020.11.13"]
[EventType "swiss (rapid)"]
[EventRounds "9"]
[EventCountry "POL"]
[SourceTitle "CBM 199 Extra"]
[Source "ChessBase"]
[SourceDate "2021.01.31"]
[SourceVersion "1"]
[SourceVersionDate "2021.01.31"]
[SourceQuality "1"]

1. d4 d5 2. c4 e6 3. Nc3 Nf6 4. Nf3 Be7 5. Bg5 0-0 6. e3 h6 7. Bh4 b6 8. Qc2 Bb7 9. Bxf6 Bxf6 10. cxd5 exd5 11. Bd3 c5 12. 0-0 c4 13. Bf5 Nc6 14. Rad1 Bc8 15. b3 cxb3 16. axb3 Nb4 17. Qb1 Bxf5 18. Qxf5 Qc8 19. Qxc8 Rfxc8 20. Rc1 Nd3 21. Rc2 Nb4 22. Rcc1 Nd3 1/2-1/2

[Event "Katowice POL-HUN rapid 8th"]
[Site "Katowice"]
[Date "2020.09.13"]
[Round "4.10"]
[White "Walter, Szymon"]
[Black "Lukasiewicz, Aleksander"]
[Result "1-0"]
[WhiteElo "2288"]
[BlackElo "1936"]
[PlyCount "79"]
[EventDate "2020.09.13"]
[EventType "swiss (rapid)"]
[EventRounds "9"]
[EventCountry "POL"]
[SourceTitle "CBM 198 Extra"]
[Source "ChessBase"]
[SourceDate "2020.11.30"]
[SourceVersion "1"]
[SourceVersionDate "2020.11.30"]
[SourceQuality "1"]

1. e4 e5 2. Nf3 Nc6 3. Bb5 a6 4. Ba4 d6 5. 0-0 Bd7 6. c3 g6 7. d4 Bg7 8. d5 Nb8 9. Bxd7+ Nxd7 10. c4 h6 11. Nc3 f5 12. Rb1 Ngf6 13. Nd2 f4 14. b4 Qe7 15. Qe2 g5 16. Nb3 g4 17. f3 gxf3 18. Rxf3 Kf7 19. c5 Rag8 20. Ba3 Bf8 21. Na5 Ng4 22. cxd6 cxd6 23. b5 Qh4 24. h3 Ngf6 25. bxa6 bxa6 26. Nc4 Rg6 27. Bxd6 Rhg8 28. Bxf8 Rxg2+ 29. Qxg2 Rxg2+ 30. Kxg2 Kxf8 31. d6 Qg5+ 32. Kf2 Qh4+ 33. Ke2 Qg5 34. Rbf1 Nc5 35. Nd2 Qg6 36. Kd1 Nfxe4 37. Ndxe4 Nxe4 38. Nd5 Qxd6 39. Rd3 Nf6 40. Nxf4 1-0

[Event "Polanica Zdroj op-D 56th"]
[Site "Polanica Zdroj"]
[Date "2020.08.22"]
[Round "8"]
[White "Sypien, Natan"]
[Black "Lukasiewicz, Aleksander"]
[Result "0-1"]
[WhiteElo "1794"]
[BlackElo "1960"]
[PlyCount "50"]
[EventDate "2020.08.15"]
[EventType "swiss"]
[EventRounds "9"]
[EventCountry "POL"]
[SourceTitle "CBM 198 Extra"]
[Source "ChessBase"]
[SourceDate "2020.11.30"]
[SourceVersion "1"]
[SourceVersionDate "2020.11.30"]
[SourceQuality "1"]

1. d4 d5 2. c4 e6 3. Nc3 Be7 4. Nf3 Nf6 5. Bg5 h6 6. Bh4 0-0 7. e3 b6 8. cxd5 Nxd5 9. Nxd5 Bxh4 10. Nxc7 Bxf2+ 11. Kxf2 Qxc7 12. Rc1 Qe7 13. Qc2 Na6 14. a3 Bb7 15. Bxa6 Bxa6 16. Qc7 Qf6 17. Qe5 Qg6 18. Qf4 Rac8 19. Ne5 Rc2+ 20. Rxc2 Qxc2+ 21. Kg3 f6 22. Nd7 Qg6+ 23. Kf2 Rd8 24. Qd6 Qf5+ 25. Kg3 Bb5 0-1

[Event "POL-chT Academic"]
[Site "Katowice"]
[Date "2018.02.04"]
[Round "9.11"]
[White "Lukasiewicz, Aleksander"]
[Black "Popiol, Michal"]
[Result "1-0"]
[WhiteElo "1999"]
[BlackElo "2060"]
[PlyCount "45"]
[EventDate "2018.02.03"]
[EventType "team-swiss (rapid)"]
[EventRounds "9"]
[EventCountry "POL"]
[SourceTitle "CBM 182 Extra"]
[Source "ChessBase"]
[SourceDate "2018.02.23"]
[SourceVersion "1"]
[SourceVersionDate "2018.02.23"]
[SourceQuality "1"]
[WhiteTeam "Wroclaw UWr"]
[BlackTeam "Krakow AGH"]
[WhiteTeamCountry "POL"]
[BlackTeamCountry "POL"]

1. e4 e6 2. d4 d5 3. Nc3 Nf6 4. e5 Nfd7 5. Nf3 c5 6. dxc5 Nc6 7. Bf4 Bxc5 8. Bd3 f6 9. exf6 Nxf6 10. 0-0 0-0 11. Qe2 g6 12. Rae1 Nh5 13. Bh6 Re8 14. Ng5 e5 15. Qf3 Nf4 16. Nxd5 Qxd5 17. Qxf4 Bf5 18. Bc4 exf4 19. Bxd5+ Kh8 20. Nf7+ Kg8 21. Ng5+ Kh8 22. Nf7+ Kg8 23. Nd6+ 1-0

[Event "POL-chT3 Dolnoslaskie 1617"]
[Site "Poland"]
[Date "2016.12.11"]
[Round "4.3"]
[White "Lukasiewicz, Aleksander"]
[Black "Holownia, Michal"]
[Result "1/2-1/2"]
[WhiteElo "2017"]
[BlackElo "1864"]
[PlyCount "108"]
[EventDate "2016.10.16"]
[EventType "team-tourn"]
[EventRounds "11"]
[EventCountry "POL"]
[SourceTitle "EXT 2018"]
[Source "ChessBase"]
[SourceDate "2017.10.13"]
[SourceVersion "1"]
[SourceVersionDate "2017.10.13"]
[SourceQuality "1"]

1. e4 d5 2. exd5 Qxd5 3. Nc3 Qd6 4. Nf3 Nf6 5. d4 c6 6. Ne5 Nbd7 7. Bf4 Qb4 8. Qd2 e6 9. 0-0-0 Nxe5 10. dxe5 Nd5 11. Bg5 h6 12. a3 Qa5 13. Nxd5 Qxd2+ 14. Rxd2 exd5 15. Be3 Be7 16. Be2 h5 17. c4 Be6 18. cxd5 Bxd5 19. Bf3 Be6 20. Be4 g5 21. Rhd1 Rg8 22. f3 Bd8 23. g3 Bb6 24. Bxb6 axb6 25. f4 Bg4 26. Rf1 gxf4 27. gxf4 Rd8 28. Rxd8+ Kxd8 29. Rg1 Re8 30. Rg3 Ke7 31. h3 Be6 32. f5 Bd5 33. Bxd5 cxd5 34. Rd3 Kd7 35. Rxd5+ Kc6 36. Rd6+ Kc7 37. Rf6 Re7 38. Kd2 Rxe5 39. Rxf7+ Kc6 40. Kd3 b5 41. Kd4 Re2 42. Rh7 Rxb2 43. Rxh5 b4 44. axb4 Rxb4+ 45. Ke5 Rb3 46. Rh4 Kd7 47. Kf6 b5 48. Kf7 Rf3 49. f6 Kd6 50. Rb4 Kc5 51. Rh4 b4 52. Rh8 b3 53. h4 Kc4 54. Rb8 Rh3 1/2-1/2

[Event "POL-ch U26 rapid"]
[Site "Hucisko"]
[Date "2016.01.15"]
[Round "6"]
[White "Lukasiewicz, Aleksander"]
[Black "Reza, Wojciech"]
[Result "0-1"]
[WhiteElo "1976"]
[BlackElo "2263"]
[PlyCount "78"]
[EventDate "2016.01.15"]
[EventType "swiss (rapid)"]
[EventRounds "9"]
[EventCountry "POL"]
[SourceTitle "CBM 170 Extra"]
[Source "ChessBase"]
[SourceDate "2016.02.25"]
[SourceVersion "1"]
[SourceVersionDate "2016.02.25"]
[SourceQuality "1"]

1. e4 c5 2. Nf3 d6 3. d4 cxd4 4. Nxd4 Nf6 5. Nc3 e6 6. Bc4 Be7 7. 0-0 0-0 8. Bb3 Nc6 9. Be3 Bd7 10. f4 Nxd4 11. Bxd4 Bc6 12. e5 dxe5 13. fxe5 Nd7 14. Qh5 Bc5 15. Rad1 Qe7 16. Kh1 Rad8 17. Rf4 g6 18. Qh6 Bxd4 19. Rh4 f5 20. Bxe6+ Kh8 21. Rdxd4 Nxe5 22. h3 Qg7 23. Qg5 Rxd4 24. Rxd4 Nf3 25. gxf3 Qxd4 26. Qg3 f4 27. Qg4 Qf2 28. Bd5 Bxd5 29. Nxd5 Qe1+ 30. Qg1 Qxg1+ 31. Kxg1 Rd8 32. Nxf4 Rd2 33. b4 Rxc2 34. a4 b6 35. Kf1 Ra2 36. a5 bxa5 37. bxa5 Rxa5 38. Kg2 Rf5 39. Nd3 a5 0-1

[Event "Polanica Zdroj op-D 47th"]
[Site "Polanica Zdroj"]
[Date "2011.08.28"]
[Round "9"]
[White "Kadziela, Konrad"]
[Black "Lukasiewicz, Aleksander"]
[Result "1/2-1/2"]
[WhiteElo "1956"]
[BlackElo "1901"]
[PlyCount "20"]
[EventDate "2011.08.20"]
[EventType "swiss"]
[EventRounds "9"]
[EventCountry "POL"]
[SourceTitle "EXT 2014"]
[Source "ChessBase"]
[SourceDate "2013.11.20"]
[SourceVersion "1"]
[SourceVersionDate "2013.11.20"]
[SourceQuality "1"]

1. e4 e5 2. Nf3 Nc6 3. Bc4 Bc5 4. Nc3 Nf6 5. d3 d6 6. h3 h6 7. 0-0 0-0 8. Be3 Bb6 9. Nd5 Nxd5 10. Bxd5 Ne7 1/2-1/2

[Event "Polanica Zdroj op-D 47th"]
[Site "Polanica Zdroj"]
[Date "2011.08.26"]
[Round "7"]
[White "Lukasiewicz, Aleksander"]
[Black "Suliborski, Jakub"]
[Result "1-0"]
[WhiteElo "1901"]
[BlackElo "1970"]
[PlyCount "89"]
[EventDate "2011.08.20"]
[EventType "swiss"]
[EventRounds "9"]
[EventCountry "POL"]
[SourceTitle "EXT 2014"]
[Source "ChessBase"]
[SourceDate "2013.11.20"]
[SourceVersion "1"]
[SourceVersionDate "2013.11.20"]
[SourceQuality "1"]

1. e4 e6 2. d4 d5 3. exd5 exd5 4. Nf3 Bd6 5. Bd3 Ne7 6. Bg5 Nbc6 7. c3 Bg4 8. Nbd2 Qd7 9. 0-0 f6 10. Be3 f5 11. Bg5 h6 12. Bxe7 Nxe7 13. c4 g5 14. Qb3 Bxf3 15. Qxb7 0-0 16. c5 Bxh2+ 17. Kxh2 Rab8 18. Qa6 Be4 19. Bxe4 fxe4 20. Qxh6 Qf5 21. Nb3 Rf6 22. Qh3 g4 23. Qg3 Kf7 24. Kg1 Rh8 25. Rfe1 Rfh6 26. Kf1 Qe6 27. Ke2 Qa6+ 28. Kd2 Rf6 29. Rf1 Re8 30. Rh1 Nf5 31. Rh7+ Kg6 32. Qh2 Qd3+ 33. Ke1 Rff8 34. Rd1 Qb5 35. Kd2 e3+ 36. fxe3 Rxe3 37. Kc1 Re2 38. Kb1 Qc4 39. Rc1 Qd3+ 40. Ka1 Rxg2 41. Qxg2 Ne3 42. Qh2 Rf1 43. Qh6+ Kf5 44. Rf7+ Ke4 45. Qe6# 1-0

[Event "Polanica Zdroj op-D 47th"]
[Site "Polanica Zdroj"]
[Date "2011.08.22"]
[Round "3"]
[White "Lukasiewicz, Aleksander"]
[Black "Karleszko, Karolina"]
[Result "1-0"]
[WhiteElo "1901"]
[BlackElo "1600"]
[PlyCount "67"]
[EventDate "2011.08.20"]
[EventType "swiss"]
[EventRounds "9"]
[EventCountry "POL"]
[SourceTitle "EXT 2014"]
[Source "ChessBase"]
[SourceDate "2013.11.20"]
[SourceVersion "1"]
[SourceVersionDate "2013.11.20"]
[SourceQuality "1"]

1. e4 c5 2. Nf3 e6 3. d4 cxd4 4. Nxd4 a6 5. Bd3 Qc7 6. 0-0 b5 7. Kh1 Bb7 8. f4 Nf6 9. Qe2 Bc5 10. Nf3 d6 11. e5 dxe5 12. fxe5 Nd5 13. Ng5 Rf8 14. Nxh7 Rh8 15. Ng5 Rf8 16. Nxf7 Nc6 17. Bg6 Kd7 18. Nc3 Nd4 19. Qg4 Ne7 20. Be3 Qb6 21. Rad1 Nxg6 22. Bxd4 Bxd4 23. Rxd4+ Kc7 24. Rd6 Qe3 25. Qxg6 Qxe5 26. Rfd1 Qf6 27. Rd7+ Kb8 28. Qg3+ e5 29. Qxe5+ Qxe5 30. Nxe5 g5 31. Rg7 Rf2 32. h3 Rxc2 33. Nc6+ Kc8 34. Rd8# 1-0

[Event "Wroclaw op-B 6th"]
[Site "Wroclaw"]
[Date "2011.07.05"]
[Round "2"]
[White "Lukasiewicz, Aleksander"]
[Black "Oszczanowski, Witold"]
[Result "1/2-1/2"]
[WhiteElo "1925"]
[BlackElo "1804"]
[PlyCount "52"]
[EventDate "2011.07.04"]
[EventType "swiss"]
[EventRounds "9"]
[EventCountry "POL"]
[SourceTitle "EXT 2023"]
[Source "ChessBase"]
[SourceDate "2022.10.05"]
[SourceVersion "1"]
[SourceVersionDate "2022.10.05"]
[SourceQuality "1"]

1. e4 c5 2. Nf3 Nc6 3. d4 cxd4 4. Nxd4 Nf6 5. Nc3 d6 6. Bc4 Bd7 7. 0-0 g6 8. Nd5 Bg7 9. Re1 0-0 10. Bg5 Nxd4 11. Bxf6 exf6 12. Qxd4 f5 13. Qd2 fxe4 14. Rxe4 Be6 15. c3 Re8 16. Rd1 Rb8 17. Bb5 Bd7 18. Rxe8+ Bxe8 19. Bxe8 Qxe8 20. Nc7 Qa4 21. Qd5 a6 22. Qxd6 Rf8 23. a3 Qc2 24. Qd3 Qb3 25. Nd5 Kh8 26. Ne3 h5 1/2-1/2

[Event "POL-chT U19 1st League"]
[Site "Ustron"]
[Date "2011.??.??"]
[Round "4.26"]
[White "Lukasiewicz, Aleksander"]
[Black "Pietruszewski, Marcin"]
[Result "0-1"]
[WhiteElo "1925"]
[BlackElo "2111"]
[PlyCount "50"]
[EventDate "2011.06.24"]
[EventType "team-tourn"]
[EventRounds "9"]
[EventCountry "POL"]
[SourceTitle "EXT 2015"]
[Source "ChessBase"]
[SourceDate "2014.11.20"]
[SourceVersion "1"]
[SourceVersionDate "2014.11.20"]
[SourceQuality "1"]
[WhiteTeam "Wroclaw KS Polonia U19 II"]
[BlackTeam "Suwalki Hancza U19"]
[WhiteTeamCountry "POL"]
[BlackTeamCountry "POL"]

1. e4 c5 2. Nf3 e6 3. d4 cxd4 4. Nxd4 a6 5. Nc3 b5 6. a3 Bb7 7. Be2 d6 8. 0-0 Nf6 9. Qd3 Nbd7 10. Bg5 Be7 11. Bxf6 Nxf6 12. f4 0-0 13. Rad1 Qb6 14. Kh1 Rfd8 15. Bf3 Nd7 16. Rd2 Rac8 17. Qe2 Nc5 18. e5 Bxf3 19. Qxf3 b4 20. axb4 Qxb4 21. Nb3 Nxb3 22. cxb3 Qxb3 23. Qe2 Qc4 24. Qf2 g6 25. Qe3 Qxf1+ 0-1